000
00307nam a22001337a 4500
008
170613b xxu||||| |||| 00| 0 eng d
020
_a
9780065012149
041
_a
eng
080
_a
321
100
_a
19
101
_a
SHP
245
_a
INTERNATIONAL ORGANIZATION A READER
_c
KRATOCHWIL,F
942
_2
udc
_c
BK
999
_c
17211
_d
17211